The Hunger Games- Are they dead? - Statistics

General Stats
  • This quiz has been taken 84 times
  • The average score is 9 of 13
Answers on the Grid
Answers color-coded by a green-red scale on the quiz's grid according to % correct below.
Johanna Mason
Primrose Everdeen
Alma Coin
Katniss Everdeen
Paylor
Cato
Rue
Seneca Crane
Plutarch Heavensbee
Finnick Odair
Buttercup
Gale
Peeta
President Snow
Enobaria
Blight
Cashmere
Clove
Gloss
Effie
Flavius
Cinna
Tigris
Messala
Haymitch Abernathy
Mrs. Everdeen
 
Answer Stats
Answer % Correct
Alma Coin
92%
Primrose Everdeen
92%
Rue
92%
Cato
90%
Finnick Odair
79%
Seneca Crane
77%
President Snow
73%
Clove
63%
Cinna
60%
Gloss
58%
Cashmere
46%
Blight
38%
Messala
27%
No matching quizzes found
Score Distribution
Percent of People with Each Score
Percentile by Number Answered
Your Score History
You have not taken this quiz